Grinnell plays. (Record no. 17853)
[ view plain ]
| 000 -LEADER | |
|---|---|
| fixed length control field | 00937cam a22002531 4500 |
| 001 - CONTROL NUMBER | |
| control field | ca 35000635 |
| 003 - CONTROL NUMBER IDENTIFIER | |
| control field | DLC |
| 005 - DATE AND TIME OF LATEST TRANSACTION | |
| control field | 20260227111138.0 |
| 008 - FIXED-LENGTH DATA ELEMENTS--GENERAL INFORMATION | |
| fixed length control field | 790523s1935 xx 000 0 eng |
| 010 ## - LIBRARY OF CONGRESS CONTROL NUMBER | |
| LC control number | ca 35000635 |
| 035 ## - SYSTEM CONTROL NUMBER | |
| System control number | (OCoLC)4996779 |
| 040 ## - CATALOGING SOURCE | |
| Original cataloging agency | DLC |
| Transcribing agency | OCl |
| Modifying agency | DLC |
| 042 ## - AUTHENTICATION CODE | |
| Authentication code | premarc |
| 050 00 - LIBRARY OF CONGRESS CALL NUMBER | |
| Classification number | PS634 |
| Item number | .G7 |
| 082 ## - DEWEY DECIMAL CLASSIFICATION NUMBER | |
| Classification number | 812.5082 |
| 110 2# - MAIN ENTRY--CORPORATE NAME | |
| Corporate name or jurisdiction name as entry element | Grinnell College. |
| Subordinate unit | Department of drama. |
| 245 10 - TITLE STATEMENT | |
| Title | Grinnell plays. |
| 260 ## - PUBLICATION, DISTRIBUTION, ETC. | |
| Place of publication, distribution, etc. | Chicago, |
| Name of publisher, distributor, etc. | The Dramatic publishing company |
| Date of publication, distribution, etc. | [c1935] |
| 300 ## - PHYSICAL DESCRIPTION | |
| Extent | 104 p. |
| Dimensions | 19 cm. |
| 500 ## - GENERAL NOTE | |
| General note | At head of title: Four one-act plays. |
| 500 ## - GENERAL NOTE | |
| General note | "Selected from twenty or more plays written within the past five years in the playwriting courses of the Department of drama." |
| 505 0# - FORMATTED CONTENTS NOTE | |
| Formatted contents note | No copy, by K. Clayton.--The two gifts, by A. C. Lamp.--As it was in the beginning, by J. J. Irwin.--Aaron Stevens, abolitionist, by Barbara P. Susens. |
| 650 #0 - SUBJECT ADDED ENTRY--TOPICAL TERM | |
| Topical term or geographic name entry element | College and school drama. |
No items available.